Das Milliarden Quiz - Statistiken

Allgemein
  • Dieses Quiz wurde 9.429 mal gespielt
    9.424 seit der letzten Aktualisierung
  • Das Durchschnittsergebnis liegt bei 7 aus 14
Antwortstatistiken
Hinweis Antwort % Korrekt
Länder, die mindestens eine Milliarde Einwohner haben China
97%
Länder, die mindestens eine Milliarde Einwohner haben Indien
96%
Erstaunliche Quizwebsite, auf der 2024 mehr als 1 Milliarde Mal Quizze gespielt wurden JetPunk
95%
Es passierte laut Wissenschaftlern vor 13,8 Milliarden Jahren Urknall
79%
Teil des Körpers, der durchschnittlich 86 Milliarden Neuronen enthält Gehirn
72%
Es reist 1 Milliarde Kilometer in ca. 55 Minuten Licht
63%
Eine Milliarde Mal eine Milliarde (ausgesprochen) Trillion
40%
Bis zum Alter von 30 Jahren wirst du etwa 1 Milliarde davon in deinem Leben gehabt haben, weniger, wenn du ein trainierter Sportler bist Herzschläge
32%
Präfix, das für ein Milliardstel steht Nano
30%
Präfix, das für eine Milliarde im metrischen System steht Giga
28%
Sterntyp, zu dem die Sonne in etwa 5 Milliarden Jahren wird, groß genug, um die Erde zu verschlingen Roter Riese
28%
Gründer von Standard Oil, der der erste Amerikaner mit einem Nettovermögen von 1 Milliarde Dollar wurde J. D. Rockefeller
21%
Der häufigste Vogel der Welt - mit einer Population von rund 26 Milliarden Huhn
13%
Das einzige Land, das (bisher) eine Banknote mit einem Nennwert von 1 Milliarde Dollar ausgegeben hat Simbabwe
12%
Keine übereinstimmenden Quizze gefunden
Verteilung der Resultate
Anzahl Personen mit jedem Resultat
Perzentil nach korrekt beantworteten Fragen
Ihre Resultats-Entwicklung
Sie haben dieses Quiz seit der letzten Aktualisierung nicht gespielt